US States by Population-1810 - Statistics

General Stats
  • This quiz has been taken 545 times
  • The average score is 12 of 17
Answer Stats
Population State % Correct
959.049 New York
100%
877,683 Virginia
90%
810,091 Pennsylvania
83%
556,526 North Carolina
79%
472,040 Massachusetts
78%
415,115 South Carolina
73%
380,546 Maryland
68%
251,407 Georgia
65%
261,942 Connecticut
63%
406,511 Kentucky
62%
72,674 Delaware
61%
230,760 Ohio
61%
214,460 New Hampshire
60%
245,562 New Jersey
60%
76,931 Rhode Island
59%
217,895 Vermont
57%
261,727 Tennessee
56%
No matching quizzes found
Score Distribution
Percent of People with Each Score
Percentile by Number Answered
Your Score History
You have not taken this quiz